Culture générale en 60 secondes #4 - Géographie Française - Statistiques

Statistiques générales
  • Ce quiz a été pris 85 fois
  • Le résultat moyen est 5 sur 17
Statistiques - réponses
Indice Réponse % Correct
Dans quelle ville se trouve La Cité de l'Espace ? Toulouse
83%
Quel territoire d'Antarctique est parfois revendiqué par la France ? Terre {Adélie}
61%
Nommez un des deux départements de la Camargue Gard | Bouches-du-Rhône
53%
De quel animal prend la forme la plus grande des Machines de l'Île de Nantes ? Éléphant
52%
Quel est le département français le plus peuplé ? Nord
52%
Quelle île, l'une des 5 plus grandes de France, a un nom en deux lettres ?
50%
Dans quelle région l'élevage est-il le plus intensif ? Bretagne
33%
Quelle commune de Normandie est connue pour ses falaises de craie blanche ? Étretat
32%
Quel est le plus haut pont du monde, situé dans l'Aveyron ? Viaduc de Millau
29%
Quelle est la ville la plus peuplée de l'ancienne région de la Picardie ? Amiens
23%
Quelle est la plus grande ville de l'agglomération parisienne ? Saint-Denis
18%
Quel département est le moins peuplé de France ? Lozère
15%
Quelle est la plus haute montagne des Pyrénées françaises (3 298 m) ? Vignemale
8%
Quel est le plus grand gratte-ciel de France, situé à La Défense ? Tour F{irst}
6%
Quel est le plus grand affluent de la Loire, principalement en Auvergne ? Allier
3%
Quelle est la commune la plus peuplée de la Polynésie française ? Faaa
3%
Quelle est la ville d'origine de Zaho de Sagazan, sur une côte de Loire-Atlantique ? Saint-Nazaire
3%
Aucun quiz correspondant
Distribution des résultats
% des personnes avec chaque résultat
Percentile par nombre de réponses
Votre historique - résultats
Vous n’avez pas pris ce quiz